000 00971nam0a2200265 4500
001 RU\NLR\bibl\1222807
005 20250615111926.0
010 _a978-5-88503-701-3
_95000
021 _aRU
_b2008-18924
_91034
035 _a(NLR Aleph) 001209143
090 _a66954
_c66954
100 _a20080506d2008 |||y0rusy50 ca
101 1 _arus
_ceng
102 _aRU
105 _ay |||||||||
200 1 _aМаленькая книга хороших советов о даре уверенности в себе
_fБрайан Трейси
_g[пер. с англ.: И.И. Бурова]
210 _aМосква
_aСанкт-Петербург
_cДиля
_d2008
215 _a123 с.
_d11х16
606 1 _aУверенность в себе
_xСамовоспитание
_92099052
_3RU\NLR\auth\661269719
686 _aЮ937.26-42
700 1 _aТрейси
_bБ.
_gБрайан
_4070
801 0 _aRU
_bNLR
_c20080506
_gRCR
801 1 _aRU
_bNLR
_c20080506
942 _cBOOK
980 _aNB